All Eredivisie teams ever - Statistics

General Stats
  • This quiz has been taken 29 times
  • The average score is 26 of 55
Answer Stats
Seasons in the Erdivisie Club % Correct
70 Ajax
100%
70 Feyenoord
100%
70 PSV
100%
60 Sparta Rotterdam
96%
48 AZ Alkmaar
92%
59 FC Twente
92%
45 NEC Nijmegen
92%
46 FC Groningen
88%
56 FC Utrecht
88%
52 NAC Breda
88%
24 Excelsior Rotterdam
84%
39 Vitesse
84%
47 ADO Den Haag
80%
26 PEC Zwolle
80%
36 Go Ahead Eagles
76%
34 SC Heerenveen
72%
15 Telstar
72%
26 Heracles Almelo
68%
27 Fortuna Sittard
64%
36 MVV Maastricht
64%
24 VVV-Venlo
64%
47 Willem II
64%
6 FC Dordrecht
60%
2 Almere City FC
56%
13 FC Den Bosch
56%
4 FC Emmen
56%
28 FC Volendam
56%
29 RKC Waalwijk
56%
44 Roda JC
52%
9 SC Cambuur
52%
3 FC Eindhoven
48%
5 RBC Roosendaal
44%
21 De Graafschap
40%
2 Helmond Sport
28%
6 FC Amsterdam
20%
2 FC Wageningen
20%
12 Fortuna '54
20%
18 HFC Haarlem
20%
2 Xerxes/DHC'66
20%
13 AFC DWS
16%
14 DOS Utrecht
16%
2 SC Veendam
16%
1 Alkmaar '54
12%
2 De Volewijckers
12%
12 GVAV
12%
9 SC Enschede
12%
7 USV Elinkwijk
12%
4 NOAD
8%
2 SVV Schiedam
8%
6 Blauw-Wit Amsterdam
4%
4 RKSV Sittardia
4%
2 BVC Amsterdam
0%
2 BVV
0%
4 Holland Sport
0%
6 Rapid JC
0%
No matching quizzes found
Score Distribution
Percent of People with Each Score
Percentile by Number Answered
Your Score History
You have not taken this quiz